[Event "9th Vellmar Chess Days"]
[Site "chess24.com"]
[Date "2017.07.15"]
[Round "4"]
[White "Schuette, Ulrich"]
[Black "Modric, Vladimir"]
[Result "0-1"]
[Board "39"]
[WhiteElo "1830"]
[WhiteCountry "GER"]
[WhiteFideId "4646134"]
[WhiteEloChange "-8"]
[BlackElo "1903"]
[BlackCountry "GER"]
[BlackFideId "24628654"]
[BlackEloChange "8"]

1. e4 {[%clk 1:30:57]} d6 {[%clk 1:30:45]} 2. d4 {[%clk 1:31:18]} Nf6 {[%clk
1:30:48]} 3. Nc3 {[%clk 1:31:43]} Nbd7 {[%clk 1:31:05]} 4. Nf3 {[%clk 1:32:05]}
e5 {[%clk 1:31:23]} 5. Bc4 {[%clk 1:27:06]} Be7 {[%clk 1:31:37]} 6. Ng5 {[%clk
1:24:40]} O-O {[%clk 1:31:51]} 7. Bxf7+ {[%clk 1:24:19]} Rxf7 {[%clk 1:30:42]} 8.
Ne6 {[%clk 1:19:03]} Qe8 {[%clk 1:27:07]} 9. Nxc7 {[%clk 1:19:27]} Qd8 {[%clk
1:25:15]} 10. Nxa8 {[%clk 1:19:50]} b5 {[%clk 1:20:29]} 11. dxe5 {[%clk 1:13:47]}
Nxe5 {[%clk 1:09:05]} 12. Bg5 {[%clk 1:10:21]} b4 {[%clk 0:52:20]} 13. Bxf6
{[%clk 1:10:42]} Bxf6 {[%clk 0:42:24]} 14. Nd5 {[%clk 1:02:39]} Bh4 {[%clk
0:39:29]} 15. Qd4 {[%clk 0:57:49]} Bxf2+ {[%clk 0:38:29]} 16. Qxf2 {[%clk
0:58:13]} Rxf2 {[%clk 0:38:49]} 17. Kxf2 {[%clk 0:58:37]} Qh4+ {[%clk 0:36:34]}
18. g3 {[%clk 0:57:35]} Qg5 {[%clk 0:26:10]} 19. Rad1 {[%clk 0:39:42]} Bh3 {[%clk
0:22:27]} 20. Nf4 {[%clk 0:39:12]} Qf6 {[%clk 0:17:35]} 21. Nc7 {[%clk 0:26:55]}
g5 {[%clk 0:14:51]} 22. Nd5 {[%clk 0:27:18]} Qf8 {[%clk 0:13:18]} 23. Ke3 {[%clk
0:26:29]} gxf4+ {[%clk 0:13:23]} 24. gxf4 {[%clk 0:26:44]} Nc4+ {[%clk 0:07:30]}
25. Kd4 {[%clk 0:22:10]} Nb6 {[%clk 0:07:48]} 26. Rhg1+ {[%clk 0:21:58]} Kh8
{[%clk 0:08:15]} 27. f5 {[%clk 0:21:44]} Nxd5 {[%clk 0:08:28]} 28. Kxd5 {[%clk
0:21:58]} Qa8+ {[%clk 0:05:05]} 29. Kd4 {[%clk 0:21:29]} Qc6 {[%clk 0:04:52]} 30.
Ke3 {[%clk 0:19:23]} Qc5+ {[%clk 0:04:00]} 31. Rd4 {[%clk 0:13:47]} Qe5 {[%clk
0:03:32]} 32. Rxb4 {[%clk 0:12:40]} d5 {[%clk 0:03:24]} 33. Rd1 {[%clk 0:10:42]}
dxe4 {[%clk 0:02:42]} 34. Rxe4 {[%clk 0:09:21]} Qc5+ {[%clk 0:03:04]} 35. Rdd4
{[%clk 0:05:55]} Bxf5 {[%clk 0:03:19]} 36. Rf4 {[%clk 0:05:35]} Qxc2 {[%clk
0:03:15]} 37. Rf2 {[%clk 0:05:41]} Qc1+ {[%clk 0:03:04]} 38. Rfd2 {[%clk
0:05:54]} Qe1+ {[%clk 0:02:58]} 39. Kf4 {[%clk 0:06:18]} Qf1+ {[%clk 0:02:39]}
40. Ke5 {[%clk 0:06:23]} Bg6 {[%clk 0:02:32]} 41. Kd6 {[%clk 0:05:03]} Qf6+
{[%clk 0:30:25]} 42. Kc5 {[%clk 0:36:43]} Qb6+ {[%clk 0:30:20]} 43. Kc4 {[%clk
0:36:46]} Bf7+ {[%clk 0:30:25]} 44. Kc3 {[%clk 0:37:00]} Bxa2 {[%clk 0:30:20]}
45. Rd8+ {[%clk 0:36:25]} Kg7 {[%clk 0:26:37]} 46. R8d7+ {[%clk 0:36:41]} Bf7
{[%clk 0:26:54]} 47. Kc2 {[%clk 0:33:30]} Qb3+ {[%clk 0:26:30]} 48. Kc1 {[%clk
0:33:37]} Kh6 {[%clk 0:24:38]} 49. Rxa7 {[%clk 0:32:59]} Qc4+ {[%clk 0:23:56]}
50. Kd1 {[%clk 0:32:39]} Bh5+ {[%clk 0:23:37]} 0-1

[Event "9th Vellmar Chess Days"]
[Site "chess24.com"]
[Date "2017.07.15"]
[Round "4"]
[White "Buese, Ralf"]
[Black "Fischer, Andreas"]
[Result "1/2-1/2"]
[Board "40"]
[WhiteElo "1900"]
[WhiteCountry "GER"]
[WhiteFideId "16208358"]
[WhiteEloChange "-3"]
[BlackElo "1811"]
[BlackCountry "GER"]
[BlackFideId "1270053"]
[BlackEloChange "3"]

1. d4 {[%clk 1:30:56]} d6 {[%clk 1:30:39]} 2. Bf4 {[%clk 1:29:54]} Nf6 {[%clk
1:30:02]} 3. e3 {[%clk 1:29:49]} g6 {[%clk 1:29:58]} 4. h3 {[%clk 1:27:22]} Bg7
{[%clk 1:29:04]} 5. Nf3 {[%clk 1:27:40]} O-O {[%clk 1:28:32]} 6. c4 {[%clk
1:26:24]} c5 {[%clk 1:27:06]} 7. Be2 {[%clk 1:20:47]} Nc6 {[%clk 1:19:29]} 8. d5
{[%clk 1:14:41]} Nb4 {[%clk 1:18:32]} 9. a3 {[%clk 1:12:13]} Qa5 {[%clk 1:15:33]}
10. Nbd2 {[%clk 1:01:18]} Na6 {[%clk 1:14:50]} 11. O-O {[%clk 1:00:53]} Nh5
{[%clk 1:11:42]} 12. Bg5 {[%clk 1:00:21]} Re8 {[%clk 0:58:44]} 13. Rb1 {[%clk
0:55:55]} Nf6 {[%clk 0:54:52]} 14. e4 {[%clk 0:52:25]} Nd7 {[%clk 0:50:56]} 15.
Nb3 {[%clk 0:43:22]} Qd8 {[%clk 0:49:01]} 16. Nc1 {[%clk 0:43:30]} Nc7 {[%clk
0:44:34]} 17. b4 {[%clk 0:41:02]} a6 {[%clk 0:44:41]} 18. Nd3 {[%clk 0:40:43]} b5
{[%clk 0:41:00]} 19. bxc5 {[%clk 0:38:47]} dxc5 {[%clk 0:38:28]} 20. d6 {[%clk
0:37:59]} Ne6 {[%clk 0:38:31]} 21. Bxe7 {[%clk 0:37:25]} Qa5 {[%clk 0:37:32]} 22.
Nc1 {[%clk 0:25:58]} 1/2-1/2

[Event "9th Vellmar Chess Days"]
[Site "chess24.com"]
[Date "2017.07.15"]
[Round "4"]
[White "Beyer, Nils"]
[Black "Mann, Jonas"]
[Result "0-1"]
[Board "41"]
[WhiteElo "1807"]
[WhiteCountry "GER"]
[WhiteFideId "12995355"]
[WhiteEloChange "-7"]
[BlackElo "1899"]
[BlackCountry "GER"]
[BlackFideId "12900214"]
[BlackEloChange "7"]

1. d4 {[%clk 1:21:43]} Nf6 {[%clk 1:30:52]} 2. c4 {[%clk 1:21:54]} g6 {[%clk
1:31:11]} 3. Nf3 {[%clk 1:21:30]} Bg7 {[%clk 1:31:32]} 4. g3 {[%clk 1:21:52]} O-O
{[%clk 1:31:55]} 5. Bg2 {[%clk 1:22:12]} d6 {[%clk 1:31:36]} 6. O-O {[%clk
1:21:54]} Nbd7 {[%clk 1:31:55]} 7. Nc3 {[%clk 1:22:05]} e5 {[%clk 1:31:13]} 8. e4
{[%clk 1:22:21]} b6 {[%clk 1:25:59]} 9. h3 {[%clk 1:15:19]} Bb7 {[%clk 1:24:33]}
10. d5 {[%clk 1:10:10]} Nc5 {[%clk 1:23:15]} 11. Qc2 {[%clk 1:09:41]} a5 {[%clk
1:22:52]} 12. Bg5 {[%clk 1:08:46]} h6 {[%clk 1:22:44]} 13. Be3 {[%clk 1:09:05]}
Nh5 {[%clk 1:10:48]} 14. a3 {[%clk 1:00:45]} f5 {[%clk 1:01:30]} 15. exf5 {[%clk
0:57:54]} gxf5 {[%clk 1:01:24]} 16. b4 {[%clk 0:53:54]} Na6 {[%clk 0:57:53]} 17.
Rab1 {[%clk 0:51:31]} Bc8 {[%clk 0:55:24]} 18. Ne2 {[%clk 0:41:16]} f4 {[%clk
0:54:22]} 19. gxf4 {[%clk 0:41:22]} Bf5 {[%clk 0:53:50]} 20. Qb3 {[%clk 0:39:21]}
Bxb1 {[%clk 0:50:13]} 21. Rxb1 {[%clk 0:39:32]} Nxf4 {[%clk 0:49:12]} 22. Nxf4
{[%clk 0:37:26]} exf4 {[%clk 0:49:17]} 23. Bd4 {[%clk 0:37:39]} Qe7 {[%clk
0:49:00]} 24. Kh1 {[%clk 0:24:12]} Rae8 {[%clk 0:46:10]} 25. Rg1 {[%clk 0:20:21]}
Kh8 {[%clk 0:43:39]} 26. Bxg7+ {[%clk 0:15:07]} Qxg7 {[%clk 0:43:01]} 27. Bf1
{[%clk 0:14:45]} Qf6 {[%clk 0:42:31]} 28. c5 {[%clk 0:12:09]} Nb8 {[%clk
0:41:14]} 29. c6 {[%clk 0:09:27]} Rg8 {[%clk 0:41:17]} 30. Rxg8+ {[%clk 0:09:32]}
Rxg8 {[%clk 0:41:37]} 31. Qd3 {[%clk 0:08:53]} axb4 {[%clk 0:37:45]} 32. axb4
{[%clk 0:09:09]} Qb2 {[%clk 0:32:18]} 33. Qd4+ {[%clk 0:08:53]} Qxd4 {[%clk
0:32:40]} 34. Nxd4 {[%clk 0:09:17]} Rg5 {[%clk 0:23:22]} 35. Bg2 {[%clk 0:08:52]}
Na6 {[%clk 0:22:29]} 36. Ne6 {[%clk 0:08:43]} Rf5 {[%clk 0:19:38]} 37. b5 {[%clk
0:08:05]} Nb4 {[%clk 0:15:25]} 38. Nxc7 {[%clk 0:08:15]} f3 {[%clk 0:15:36]} 39.
Bf1 {[%clk 0:08:08]} Nxd5 {[%clk 0:15:53]} 40. Na6 {[%clk 0:02:46]} Re5 {[%clk
0:11:58]} 41. Bc4 {[%clk 0:28:15]} Ne7 {[%clk 0:41:39]} 42. Kh2 {[%clk 0:23:14]}
d5 {[%clk 0:37:25]} 43. Bd3 {[%clk 0:19:57]} Rg5 {[%clk 0:36:51]} 44. Bf1 {[%clk
0:17:26]} d4 {[%clk 0:36:17]} 45. h4 {[%clk 0:17:37]} d3 {[%clk 0:33:13]} 46.
Bxd3 {[%clk 0:16:39]} Rg2+ {[%clk 0:33:32]} 47. Kh3 {[%clk 0:16:56]} Nd5 {[%clk
0:33:47]} 48. h5 {[%clk 0:16:39]} Nf4+ {[%clk 0:34:12]} 49. Kh4 {[%clk 0:17:03]}
Nxd3 {[%clk 0:34:38]} 50. Nc7 {[%clk 0:13:43]} Nxf2 {[%clk 0:34:59]} 0-1

[Event "9th Vellmar Chess Days"]
[Site "chess24.com"]
[Date "2017.07.15"]
[Round "4"]
[White "Woellenstein, Sebastian"]
[Black "Bajorski, Marius"]
[Result "1/2-1/2"]
[Board "42"]
[WhiteElo "1736"]
[WhiteCountry "GER"]
[WhiteFideId "12974706"]
[WhiteEloChange "4"]
[BlackElo "1896"]
[BlackCountry "GER"]
[BlackFideId "12938831"]
[BlackEloChange "-4"]

1. c4 {[%clk 1:30:44]} b6 {[%clk 1:30:00]} 2. g3 {[%clk 1:29:10]} Bb7 {[%clk
1:29:59]} 3. Nf3 {[%clk 1:29:34]} c5 {[%clk 1:30:01]} 4. Bg2 {[%clk 1:29:57]} e6
{[%clk 1:30:02]} 5. O-O {[%clk 1:30:02]} Nf6 {[%clk 1:30:15]} 6. Nc3 {[%clk
1:29:30]} Be7 {[%clk 1:29:16]} 7. d3 {[%clk 1:28:23]} O-O {[%clk 1:29:18]} 8. Bf4
{[%clk 1:28:46]} d6 {[%clk 1:27:01]} 9. Rb1 {[%clk 1:28:09]} Nbd7 {[%clk
1:25:34]} 10. Nb5 {[%clk 1:25:36]} Qb8 {[%clk 1:25:01]} 11. a3 {[%clk 1:23:46]}
Rd8 {[%clk 1:21:17]} 12. b4 {[%clk 1:23:26]} a6 {[%clk 1:14:43]} 13. Nc3 {[%clk
1:22:40]} Qa7 {[%clk 1:09:10]} 14. b5 {[%clk 1:20:24]} a5 {[%clk 1:09:18]} 15. e4
{[%clk 1:13:54]} Nf8 {[%clk 1:03:03]} 16. Re1 {[%clk 1:14:10]} Ng6 {[%clk
1:02:10]} 17. Bc1 {[%clk 1:07:28]} Rd7 {[%clk 0:54:33]} 18. Qc2 {[%clk 1:06:05]}
Rad8 {[%clk 0:48:09]} 19. Bb2 {[%clk 1:04:34]} Qb8 {[%clk 0:45:30]} 20. Rbd1
{[%clk 1:01:28]} Qc7 {[%clk 0:45:19]} 21. Nd2 {[%clk 0:57:36]} d5 {[%clk
0:42:05]} 22. exd5 {[%clk 0:55:27]} exd5 {[%clk 0:42:12]} 23. Nf1 {[%clk
0:52:28]} dxc4 {[%clk 0:31:34]} 24. dxc4 {[%clk 0:52:19]} Bxg2 {[%clk 0:31:37]}
25. Kxg2 {[%clk 0:52:33]} Qb7+ {[%clk 0:23:42]} 26. Kg1 {[%clk 0:52:42]} Bd6
{[%clk 0:20:46]} 27. Nd5 {[%clk 0:49:44]} Nxd5 {[%clk 0:18:44]} 28. Rxd5 {[%clk
0:48:39]} Ne7 {[%clk 0:15:42]} 29. Rg5 {[%clk 0:37:35]} Ng6 {[%clk 0:13:56]} 30.
Ne3 {[%clk 0:36:18]} f6 {[%clk 0:07:48]} 31. Rd5 {[%clk 0:30:11]} Be5 {[%clk
0:06:38]} 32. Red1 {[%clk 0:28:44]} Bxb2 {[%clk 0:04:54]} 33. Qxb2 {[%clk
0:29:02]} Ne7 {[%clk 0:04:20]} 34. R5d2 {[%clk 0:25:02]} Qc7 {[%clk 0:01:49]} 35.
Qc2 {[%clk 0:23:41]} Rd6 {[%clk 0:01:29]} 36. a4 {[%clk 0:19:34]} R8d7 {[%clk
0:01:20]} 37. Rxd6 {[%clk 0:19:51]} Rxd6 {[%clk 0:01:37]} 38. Rxd6 {[%clk
0:20:00]} Qxd6 {[%clk 0:02:06]} 39. Qd1 {[%clk 0:20:21]} Qxd1+ {[%clk 0:01:37]}
40. Nxd1 {[%clk 0:20:46]} Nf5 {[%clk 0:01:29]} 41. Kg2 {[%clk 0:17:23]} Kf7
{[%clk 0:29:11]} 42. Kf3 {[%clk 0:48:41]} Nd6 {[%clk 0:25:51]} 1/2-1/2

[Event "9th Vellmar Chess Days"]
[Site "chess24.com"]
[Date "2017.07.15"]
[Round "4"]
[White "Helmer, Jan"]
[Black "Reitz, Theresa"]
[Result "1-0"]
[Board "43"]
[WhiteElo "1889"]
[WhiteCountry "GER"]
[WhiteFideId "12956686"]
[WhiteEloChange "5"]
[BlackElo "1706"]
[BlackCountry "GER"]
[BlackFideId "12971901"]
[BlackEloChange "-5"]

1. d4 {[%clk 1:30:53]} Nf6 {[%clk 1:30:29]} 2. Nf3 {[%clk 1:30:55]} g6 {[%clk
1:30:39]} 3. Nc3 {[%clk 1:30:52]} d5 {[%clk 1:30:50]} 4. Bf4 {[%clk 1:31:17]} Bg7
{[%clk 1:29:16]} 5. Qd2 {[%clk 1:31:33]} O-O {[%clk 1:25:17]} 6. O-O-O {[%clk
1:29:26]} a6 {[%clk 1:16:33]} 7. Ne5 {[%clk 1:22:25]} Nbd7 {[%clk 1:09:23]} 8. f3
{[%clk 1:20:18]} e6 {[%clk 0:48:13]} 9. g4 {[%clk 1:16:00]} c5 {[%clk 0:45:22]}
10. e3 {[%clk 1:11:36]} b5 {[%clk 0:42:19]} 11. h4 {[%clk 1:05:00]} b4 {[%clk
0:34:04]} 12. Na4 {[%clk 0:58:28]} Qa5 {[%clk 0:24:02]} 13. b3 {[%clk 0:58:34]}
Nxe5 {[%clk 0:22:13]} 14. Bxe5 {[%clk 0:53:56]} c4 {[%clk 0:17:24]} 15. Kb1
{[%clk 0:47:15]} Bd7 {[%clk 0:10:48]} 16. Nc5 {[%clk 0:45:54]} Bb5 {[%clk
0:10:57]} 17. a4 {[%clk 0:44:51]} Bc6 {[%clk 0:09:40]} 18. h5 {[%clk 0:41:11]}
Nd7 {[%clk 0:05:42]} 19. Nxd7 {[%clk 0:19:49]} Bxd7 {[%clk 0:06:04]} 20. Bd6
{[%clk 0:19:53]} c3 {[%clk 0:06:07]} 21. Qh2 {[%clk 0:19:01]} Rfc8 {[%clk
0:03:10]} 22. hxg6 {[%clk 0:19:16]} fxg6 {[%clk 0:03:31]} 23. Qxh7+ {[%clk
0:19:38]} Kf7 {[%clk 0:03:56]} 24. Bd3 {[%clk 0:19:38]} 1-0

[Event "9th Vellmar Chess Days"]
[Site "chess24.com"]
[Date "2017.07.15"]
[Round "4"]
[White "Ziegenfuss, Antonia"]
[Black "Sakhra, Roman"]
[Result "1-0"]
[Board "45"]
[WhiteElo "1879"]
[WhiteCountry "GER"]
[WhiteFideId "12962554"]
[WhiteEloChange "2"]
[BlackElo "1472"]
[BlackCountry "GER"]
[BlackFideId "16227590"]
[BlackEloChange "-2"]

1. d4 {[%clk 1:30:57]} d5 {[%clk 1:30:52]} 2. c4 {[%clk 1:31:11]} c6 {[%clk
1:31:14]} 3. cxd5 {[%clk 1:31:34]} cxd5 {[%clk 1:31:37]} 4. Nc3 {[%clk 1:31:50]}
Nf6 {[%clk 1:31:07]} 5. Nf3 {[%clk 1:31:56]} Nc6 {[%clk 1:30:48]} 6. Bf4 {[%clk
1:32:05]} Qb6 {[%clk 1:29:49]} 7. Qd2 {[%clk 1:20:05]} Ne4 {[%clk 1:20:18]} 8.
Nxe4 {[%clk 1:01:42]} dxe4 {[%clk 1:20:41]} 9. Ne5 {[%clk 1:00:01]} Qxd4 {[%clk
1:15:34]} 10. Nxc6 {[%clk 0:59:40]} Qxd2+ {[%clk 1:15:50]} 11. Bxd2 {[%clk
1:00:07]} bxc6 {[%clk 1:16:11]} 12. Rc1 {[%clk 0:57:10]} Be6 {[%clk 1:13:07]} 13.
Rxc6 {[%clk 0:51:21]} Bxa2 {[%clk 1:13:30]} 14. e3 {[%clk 0:48:40]} Rb8 {[%clk
1:03:57]} 15. Bc3 {[%clk 0:43:32]} Bd5 {[%clk 0:46:33]} 16. Ra6 {[%clk 0:35:31]}
Rb7 {[%clk 0:41:44]} 17. Ra5 {[%clk 0:34:03]} e6 {[%clk 0:34:03]} 18. Ba6 {[%clk
0:25:42]} Rc7 {[%clk 0:21:29]} 19. O-O {[%clk 0:25:14]} f6 {[%clk 0:17:12]} 20.
Bd4 {[%clk 0:19:17]} Bb4 {[%clk 0:12:09]} 21. Ra4 {[%clk 0:10:10]} Bd6 {[%clk
0:09:47]} 22. Bb5+ {[%clk 0:09:29]} Kf7 {[%clk 0:10:11]} 23. Rxa7 {[%clk
0:08:17]} Rxa7 {[%clk 0:10:36]} 24. Bxa7 {[%clk 0:08:38]} Ra8 {[%clk 0:10:58]}
25. Bd4 {[%clk 0:07:43]} Rb8 {[%clk 0:09:56]} 26. Be2 {[%clk 0:07:26]} Rc8 {[%clk
0:09:09]} 27. Rb1 {[%clk 0:04:27]} Rb8 {[%clk 0:08:32]} 28. Bc3 {[%clk 0:03:06]}
Bb4 {[%clk 0:05:29]} 29. Rc1 {[%clk 0:02:18]} Bd6 {[%clk 0:05:08]} 30. Ra1 {[%clk
0:01:45]} Rb7 {[%clk 0:02:59]} 31. Bd4 {[%clk 0:01:48]} e5 {[%clk 0:03:07]} 32.
Bc3 {[%clk 0:02:06]} Kg6 {[%clk 0:02:45]} 33. Rd1 {[%clk 0:02:25]} Ba3 {[%clk
0:01:15]} 34. bxa3 {[%clk 0:02:22]} Bf7 {[%clk 0:00:36]} 35. a4 {[%clk 0:02:17]}
Ra7 {[%clk 0:00:35]} 36. a5 {[%clk 0:02:29]} Be8 {[%clk 0:00:38]} 37. Rb1 {[%clk
0:01:47]} Kf5 {[%clk 0:00:40]} 38. a6 {[%clk 0:01:48]} Bd7 {[%clk 0:00:45]} 39.
Ba5 {[%clk 0:01:41]} Bc8 {[%clk 0:00:37]} 40. Bb6 {[%clk 0:01:58]} 1-0

[Event "9th Vellmar Chess Days"]
[Site "chess24.com"]
[Date "2017.07.15"]
[Round "4"]
[White "Lange, Lars"]
[Black "Wolf, Philipp"]
[Result "1-0"]
[Board "46"]
[WhiteElo "1733"]
[WhiteCountry "GER"]
[WhiteFideId "16217900"]
[WhiteEloChange "14"]
[BlackElo "1865"]
[BlackCountry "GER"]
[BlackFideId "12958948"]
[BlackEloChange "-14"]

1. d4 {[%clk 1:30:57]} Nf6 {[%clk 1:28:30]} 2. c4 {[%clk 1:31:10]} e6 {[%clk
1:28:54]} 3. Nf3 {[%clk 1:31:34]} b6 {[%clk 1:28:21]} 4. a3 {[%clk 1:31:56]} Be7
{[%clk 1:27:44]} 5. Nc3 {[%clk 1:32:11]} Bb7 {[%clk 1:27:18]} 6. d5 {[%clk
1:32:09]} exd5 {[%clk 1:14:06]} 7. cxd5 {[%clk 1:31:10]} d6 {[%clk 1:12:39]} 8.
e4 {[%clk 1:26:09]} O-O {[%clk 1:04:42]} 9. Bd3 {[%clk 1:20:16]} Nbd7 {[%clk
0:52:51]} 10. O-O {[%clk 1:14:19]} Nc5 {[%clk 0:39:48]} 11. Bc2 {[%clk 1:10:11]}
Nfd7 {[%clk 0:25:17]} 12. b4 {[%clk 1:03:47]} Na6 {[%clk 0:25:30]} 13. Qe2 {[%clk
0:58:08]} Bf6 {[%clk 0:21:54]} 14. Bb2 {[%clk 0:53:19]} Re8 {[%clk 0:18:37]} 15.
Rfe1 {[%clk 0:48:41]} Ne5 {[%clk 0:07:05]} 16. Nxe5 {[%clk 0:32:42]} Bxe5 {[%clk
0:07:13]} 17. Qd2 {[%clk 0:29:21]} c6 {[%clk 0:02:50]} 18. Ba4 {[%clk 0:23:52]}
b5 {[%clk 0:01:09]} 19. dxc6 {[%clk 0:20:18]} bxa4 {[%clk 0:00:40]} 20. cxb7
{[%clk 0:19:43]} Rb8 {[%clk 0:00:53]} 21. Nxa4 {[%clk 0:18:04]} Rxb7 {[%clk
0:00:45]} 22. Rad1 {[%clk 0:15:42]} Rb8 {[%clk 0:00:36]} 23. Qe3 {[%clk 0:13:31]}
Qc7 {[%clk 0:00:31]} 24. Bd4 {[%clk 0:11:40]} Rb7 {[%clk 0:00:33]} 25. Nc3 {[%clk
0:10:57]} h6 {[%clk 0:00:34]} 26. Rc1 {[%clk 0:10:19]} Qd7 {[%clk 0:00:37]} 27.
Nd5 {[%clk 0:09:10]} Nc7 {[%clk 0:00:32]} 28. Nxc7 {[%clk 0:08:20]} Bxd4 {[%clk
0:00:38]} 29. Qxd4 {[%clk 0:08:16]} Rxc7 {[%clk 0:00:55]} 30. Rxc7 {[%clk
0:08:35]} Qxc7 {[%clk 0:01:22]} 31. Rd1 {[%clk 0:08:40]} Re6 {[%clk 0:00:49]} 32.
Qd5 {[%clk 0:07:50]} Qc2 {[%clk 0:00:36]} 33. f3 {[%clk 0:05:45]} Qa4 {[%clk
0:00:34]} 34. Qd3 {[%clk 0:05:17]} a6 {[%clk 0:00:33]} 35. Rc1 {[%clk 0:04:11]}
Re8 {[%clk 0:00:35]} 36. Rc7 {[%clk 0:03:22]} Rd8 {[%clk 0:00:33]} 37. Qd5 {[%clk
0:03:10]} Qe8 {[%clk 0:00:34]} 38. Rc6 {[%clk 0:03:12]} Ra8 {[%clk 0:00:07]} 39.
Rxd6 {[%clk 0:02:42]} Qe7 {[%clk 0:00:36]} 40. Qxa8+ {[%clk 0:02:44]} Kh7 {[%clk
0:00:42]} 1-0

[Event "9th Vellmar Chess Days"]
[Site "chess24.com"]
[Date "2017.07.15"]
[Round "4"]
[White "Luke, Niko"]
[Black "Ernst, Rolf"]
[Result "0-1"]
[Board "47"]
[WhiteElo "1823"]
[WhiteCountry "GER"]
[WhiteFideId "16205553"]
[WhiteEloChange "-6"]
[BlackElo "1974"]
[BlackTitle "FM"]
[BlackCountry "GER"]
[BlackFideId "4611101"]
[BlackEloChange "6"]

1. d4 {[%clk 1:30:30]} Nf6 {[%clk 1:30:30]} 2. c4 {[%clk 1:30:30]} g6 {[%clk
1:30:30]} 3. f3 {[%clk 1:30:30]} d5 {[%clk 1:30:30]} 4. cxd5 {[%clk 1:30:30]}
Nxd5 {[%clk 1:30:30]} 5. e4 {[%clk 1:30:30]} Nb6 {[%clk 1:30:30]} 6. Be3 {[%clk
1:30:30]} Bg7 {[%clk 1:30:30]} 7. Nc3 {[%clk 1:30:30]} c6 {[%clk 1:30:30]} 8. Qd2
{[%clk 1:30:30]} O-O {[%clk 1:30:30]} 9. h4 {[%clk 1:30:30]} Be6 {[%clk 1:30:30]}
10. b3 {[%clk 1:30:30]} Re8 {[%clk 1:30:30]} 11. h5 {[%clk 1:30:30]} a5 {[%clk
1:30:30]} 12. hxg6 {[%clk 1:30:30]} fxg6 {[%clk 1:30:30]} 13. g4 {[%clk 1:30:30]}
a4 {[%clk 1:30:30]} 14. Qh2 {[%clk 1:30:30]} h6 {[%clk 1:30:30]} 15. e5 {[%clk
1:30:30]} g5 {[%clk 1:30:30]} 16. Nh3 {[%clk 1:30:30]} axb3 {[%clk 1:30:30]} 17.
Nxg5 {[%clk 1:30:30]} hxg5 {[%clk 1:30:30]} 18. Ne4 {[%clk 1:30:30]} Rxa2 {[%clk
1:30:30]} 19. Qh7+ {[%clk 1:30:30]} Kf8 {[%clk 1:30:30]} 20. Nxg5 {[%clk
1:30:30]} Qd5 {[%clk 1:30:30]} 21. Qg6 {[%clk 1:30:30]} Qa5+ {[%clk 1:30:30]} 22.
Kd1 {[%clk 1:30:30]} Rxa1+ {[%clk 1:30:30]} 23. Ke2 {[%clk 1:30:30]} Qe1+ {[%clk
1:30:30]} 24. Kd3 {[%clk 1:30:30]} Qb1+ {[%clk 1:30:30]} 0-1

[Event "9th Vellmar Chess Days"]
[Site "chess24.com"]
[Date "2017.07.15"]
[Round "4"]
[White "Kelm, Daniel"]
[Black "Schulze, Nick"]
[Result "1-0"]
[Board "48"]
[WhiteElo "1950"]
[WhiteCountry "GER"]
[WhiteFideId "12917095"]
[WhiteEloChange "6"]
[BlackElo "1790"]
[BlackCountry "GER"]
[BlackFideId "16212312"]
[BlackEloChange "-6"]

1. d4 {[%clk 1:30:30]} Nf6 {[%clk 1:30:30]} 2. Nf3 {[%clk 1:30:30]} e6 {[%clk
1:30:30]} 3. e3 {[%clk 1:30:30]} c5 {[%clk 1:30:30]} 4. Bd3 {[%clk 1:30:30]} b6
{[%clk 1:30:30]} 5. Nbd2 {[%clk 1:30:30]} Bb7 {[%clk 1:30:30]} 6. O-O {[%clk
1:30:30]} Be7 {[%clk 1:30:30]} 7. b3 {[%clk 1:30:30]} O-O {[%clk 1:30:30]} 8. Bb2
{[%clk 1:30:30]} Re8 {[%clk 1:30:30]} 9. c3 {[%clk 1:30:30]} cxd4 {[%clk
1:30:30]} 10. cxd4 {[%clk 1:30:30]} d6 {[%clk 1:30:30]} 11. Qe2 {[%clk 1:30:30]}
Nbd7 {[%clk 1:30:30]} 12. e4 {[%clk 1:30:30]} Bf8 {[%clk 1:30:30]} 13. e5 {[%clk
1:30:30]} dxe5 {[%clk 1:30:30]} 14. Nxe5 {[%clk 1:30:30]} Nxe5 {[%clk 1:30:30]}
15. dxe5 {[%clk 1:30:30]} Nd5 {[%clk 1:30:30]} 16. Be4 {[%clk 1:30:30]} Nf4
{[%clk 1:30:30]} 17. Qe3 {[%clk 1:30:30]} Bxe4 {[%clk 1:30:30]} 18. Nxe4 {[%clk
1:30:30]} Ng6 {[%clk 1:30:30]} 19. Rfd1 {[%clk 1:30:30]} Qc7 {[%clk 1:30:30]} 20.
Rac1 {[%clk 1:30:30]} Qb7 {[%clk 1:30:30]} 21. Nd6 {[%clk 1:30:30]} Bxd6 {[%clk
1:30:30]} 22. exd6 {[%clk 1:30:30]} Red8 {[%clk 1:30:30]} 23. Qg3 {[%clk
1:30:30]} f6 {[%clk 1:30:30]} 24. h4 {[%clk 1:30:30]} e5 {[%clk 1:30:30]} 25. Qg4
{[%clk 1:30:30]} Nf4 {[%clk 1:30:30]} 26. Rc7 {[%clk 1:30:30]} Qxg2+ {[%clk
1:30:30]} 27. Qxg2 {[%clk 1:30:30]} Nxg2 {[%clk 1:30:30]} 28. Kxg2 {[%clk
1:30:30]} a5 {[%clk 1:30:30]} 29. a4 {[%clk 1:30:30]} Rab8 {[%clk 1:30:30]} 30.
Rd5 {[%clk 1:30:30]} Kf8 {[%clk 1:30:30]} 31. Kf3 {[%clk 1:30:30]} Rdc8 {[%clk
1:30:30]} 32. Ke4 {[%clk 1:30:30]} Ra8 {[%clk 1:30:30]} 33. Ba3 {[%clk 1:30:30]}
1-0